000 00827nam a2200229Ii 4500
003 JO-AjNU
008 230605s9999||||xx |||||||||||||| ||und||
017 _a22/3902
020 _a9960-32-112-2
040 _aJO-AjNU
_bara
_erda
_cJO-AjNU
041 _aara
050 1 4 _aBP173.756.A54 2001
100 3 _aالأمين، حسن عبد الله,
_eauthor
_927865
245 0 0 _aزكاة الأسهم في الشركات : مناقشة بعض الآراء الحديثة
264 3 1 _aجدة: المعهد الاسلامي للبحوث والتدريب، 2001
300 _a36ص
336 _atext
_btxt
_2rdacontent
337 _aunmediated
_bn
_2rdamedia
338 _avolume
_bnc
_2rdacarrier
490 0 _aبحث رقم 21
650 4 _aالزكاة- الاسهم- فقه اسلامي- اقتصاد اسلامي
_927866
999 _aA10739
_c14307
_d14307